<?xml version="1.0" encoding="UTF-8"?><?xml-stylesheet type="text/xsl" href="static/style.xsl"?><OAI-PMH xmlns="http://www.openarchives.org/OAI/2.0/" xmlns:xsi="http://www.w3.org/2001/XMLSchema-instance" xsi:schemaLocation="http://www.openarchives.org/OAI/2.0/ http://www.openarchives.org/OAI/2.0/OAI-PMH.xsd"><responseDate>2026-04-14T06:21:07Z</responseDate><request verb="GetRecord" identifier="oai:www.recercat.cat:10459.1/467733" metadataPrefix="marc">https://recercat.cat/oai/request</request><GetRecord><record><header><identifier>oai:recercat.cat:10459.1/467733</identifier><datestamp>2025-09-15T18:37:38Z</datestamp><setSpec>com_2072_3622</setSpec><setSpec>col_2072_479130</setSpec></header><metadata><record xmlns="http://www.loc.gov/MARC21/slim" xmlns:dcterms="http://purl.org/dc/terms/" xmlns:xsi="http://www.w3.org/2001/XMLSchema-instance" xmlns:doc="http://www.lyncode.com/xoai" xsi:schemaLocation="http://www.loc.gov/MARC21/slim http://www.loc.gov/standards/marcxml/schema/MARC21slim.xsd">
   <leader>00925njm 22002777a 4500</leader>
   <datafield ind2=" " ind1=" " tag="042">
      <subfield code="a">dc</subfield>
   </datafield>
   <datafield ind2=" " ind1=" " tag="720">
      <subfield code="a">Loezar Hernández, Mariana</subfield>
      <subfield code="e">author</subfield>
   </datafield>
   <datafield ind2=" " ind1=" " tag="720">
      <subfield code="a">González Rodríguez, Juan Agustín</subfield>
      <subfield code="e">author</subfield>
   </datafield>
   <datafield ind2=" " ind1=" " tag="720">
      <subfield code="a">Urrego-Parra, Heidy Natalia</subfield>
      <subfield code="e">author</subfield>
   </datafield>
   <datafield ind2=" " ind1=" " tag="720">
      <subfield code="a">Jiménez Lasserrotte, María del Mar</subfield>
      <subfield code="e">author</subfield>
   </datafield>
   <datafield ind2=" " ind1=" " tag="720">
      <subfield code="a">Pastor-Bravo, María del Mar</subfield>
      <subfield code="e">author</subfield>
   </datafield>
   <datafield ind2=" " ind1=" " tag="720">
      <subfield code="a">Briones Vozmediano, Erica Tula</subfield>
      <subfield code="e">author</subfield>
   </datafield>
   <datafield ind2=" " ind1=" " tag="260">
      <subfield code="c">2025</subfield>
   </datafield>
   <datafield ind2=" " ind1=" " tag="520">
      <subfield code="a">Workers from developing countries migrate to Spain to meet the need for low-skilled labour in the agricultural sector. This study aims to explore health and social professionals’ discourses on the agricultural work of migrant women in Spain from a gender perspective. A qualitative descriptive study was conducted using 87 semistructured interviews with 92 professionals from non-governmental organizations, health, and social services between January and October 2021. Thematic analysis was used with Atlas.ti web software. Two main themes emerged: 1) Feminised tasks in agriculture and 2) Harassment towards women. Participants highlighted specific work types and conditions, harassment, sexual harassment, partner influence, and the health consequences of these inequalities on women. Seasonal migrant women face challenges due to their migration status, precarious working conditions, and gender vulnerability. Labour and sexual harassment, and lack of support networks and
resources perpetuate their exclusion, affecting their physical and mental health. Public policies are needed to guarantee these women’s labour rights and comprehensive care from health and social professionals with an intersectional perspective.</subfield>
   </datafield>
   <datafield tag="653" ind2=" " ind1=" ">
      <subfield code="a">International migration</subfield>
   </datafield>
   <datafield tag="653" ind2=" " ind1=" ">
      <subfield code="a">Agriculture</subfield>
   </datafield>
   <datafield tag="653" ind2=" " ind1=" ">
      <subfield code="a">Women</subfield>
   </datafield>
   <datafield tag="653" ind2=" " ind1=" ">
      <subfield code="a">Agricultural workers’ diseases</subfield>
   </datafield>
   <datafield tag="653" ind2=" " ind1=" ">
      <subfield code="a">Occupational exposure</subfield>
   </datafield>
   <datafield tag="653" ind2=" " ind1=" ">
      <subfield code="a">Occupational health</subfield>
   </datafield>
   <datafield tag="653" ind2=" " ind1=" ">
      <subfield code="a">Social determinants of health</subfield>
   </datafield>
   <datafield ind2="0" ind1="0" tag="245">
      <subfield code="a">The vulnerability of migrant women working in agriculture in Spain: A qualitative study from the perspective of social and health professionals</subfield>
   </datafield>
</record></metadata></record></GetRecord></OAI-PMH>